Online Public Access Catalogue

Carboplatin (JM-8) : current perspectives and future directions (Record no. 12735)

MARC details
000 -LEADER
fixed length control field 00339nam a22001337a 4500
020 ## - INTERNATIONAL STANDARD BOOK NUMBER
International Standard Book Number 721634893
082 ## - DEWEY DECIMAL CLASSIFICATION NUMBER
Classification number 616.992
Author Mark PUL
100 ## - MAIN ENTRY--PERSONAL NAME
Author Name Paul A .Bunn, Jr,MD
245 ## - TITLE STATEMENT
Title Carboplatin (JM-8) : current perspectives and future directions
250 ## - EDITION STATEMENT
Edition statement 1
260 ## - PUBLICATION, DISTRIBUTION, ETC.
Name of publisher, distributor, etc. W.B Saunders Company
Date of publication, distribution, etc. 1990
300 ## - PHYSICAL DESCRIPTION
No of Pages 381 p
Dimensions 22cm
942 ## - ADDED ENTRY ELEMENTS (KOHA)
Source of classification or shelving scheme
Koha item type Books
952 ## - LOCATION AND ITEM INFORMATION (KOHA)
-- 2023-02-09
Holdings
Item status Home library Current library Shelving location Date acquired Source of acquisition Full call number Barcode Date last seen Koha item type
  Islamabad Medical and Dental College Islamabad Medical and Dental College Islamabad Medical and Dental College 09/02/2023 Donated 616.992 PUL G-434 09/02/2023 Books

Copyright @ IMDC Library
Islamabad Medical and Dental College
Bhara Kahu, Islamabad

  Contact the Librarian, IMDC
  Email:: library@imdcollege.edu.pk

  OPAC Customized by
  Mazhar Hussain,
  Librarian:
  Islamabad Medical and Dental College
  Email:: library@imdcollege.edu.pk